<?xml version="1.0" encoding="UTF-8"?>
<record
    xmlns:xsi="http://www.w3.org/2001/XMLSchema-instance"
    xsi:schemaLocation="http://www.loc.gov/MARC21/slim http://www.loc.gov/standards/marcxml/schema/MARC21slim.xsd"
    xmlns="http://www.loc.gov/MARC21/slim">

  <leader>01319nam a2200313   4500</leader>
  <controlfield tag="001">177348</controlfield>
  <controlfield tag="003">ES-MaACL</controlfield>
  <controlfield tag="005">20230907121211.0</controlfield>
  <controlfield tag="008">110316s2009    sp ad        |||| | spa d</controlfield>
  <datafield tag="020" ind1=" " ind2=" ">
    <subfield code="a">978-84-8439-465-5</subfield>
  </datafield>
  <datafield tag="080" ind1=" " ind2=" ">
    <subfield code="a">355.48(460)"1808"</subfield>
  </datafield>
  <datafield tag="080" ind1=" " ind2=" ">
    <subfield code="a">94(460)"1808/14"</subfield>
  </datafield>
  <datafield tag="245" ind1="0" ind2="0">
    <subfield code="a">Baylen 1808-2008 </subfield>
    <subfield code="b">: actas del congreso internacional "Baylen 1808-2008" : Bail&#xE9;n: su impacto en la nueva Europa del siglo XIX y su proyecci&#xF3;n futura / </subfield>
    <subfield code="c">organizadas por el  Ayuntamiento de Bail&#xE9;n ; coordinaci&#xF3;n cient&#xED;fica, Francisco Acosta Ram&#xED;rez, Marta Ruiz Jim&#xE9;nez.</subfield>
  </datafield>
  <datafield tag="250" ind1=" " ind2=" ">
    <subfield code="a">1&#xAA; ed.</subfield>
  </datafield>
  <datafield tag="260" ind1=" " ind2=" ">
    <subfield code="a">Ja&#xE9;n : </subfield>
    <subfield code="b">Universidad de Ja&#xE9;n, </subfield>
    <subfield code="c">2009.</subfield>
  </datafield>
  <datafield tag="300" ind1=" " ind2=" ">
    <subfield code="a">766 p. : </subfield>
    <subfield code="b">il. ; </subfield>
    <subfield code="c">24 cm.</subfield>
  </datafield>
  <datafield tag="490" ind1="1" ind2=" ">
    <subfield code="a">Mart&#xED;nez de Maza. Estudios</subfield>
  </datafield>
  <datafield tag="650" ind1=" " ind2="7">
    <subfield code="a">Bail&#xE9;n, Batalla de, 1808.</subfield>
    <subfield code="9">145672</subfield>
  </datafield>
  <datafield tag="651" ind1=" " ind2="7">
    <subfield code="a">Espa&#xF1;a-</subfield>
    <subfield code="x">Historia-</subfield>
    <subfield code="y">1808-1814, Guerra de la Independencia-</subfield>
    <subfield code="v">Congresos y asambleas.</subfield>
    <subfield code="9">8245</subfield>
  </datafield>
  <datafield tag="700" ind1="1" ind2=" ">
    <subfield code="a">Acosta Ram&#xED;rez, Francisco.</subfield>
    <subfield code="9">142650</subfield>
  </datafield>
  <datafield tag="700" ind1="1" ind2=" ">
    <subfield code="a">Ruiz Jim&#xE9;nez, Marta.</subfield>
    <subfield code="9">142832</subfield>
  </datafield>
  <datafield tag="710" ind1="1" ind2=" ">
    <subfield code="a">Bail&#xE9;n. </subfield>
    <subfield code="b">Ayuntamiento.</subfield>
    <subfield code="9">145675</subfield>
  </datafield>
  <datafield tag="710" ind1="2" ind2=" ">
    <subfield code="a">Universidad de Ja&#xE9;n.</subfield>
    <subfield code="9">139784</subfield>
  </datafield>
  <datafield tag="830" ind1="0" ind2=" ">
    <subfield code="a">Mart&#xED;nez de Maza. Estudios</subfield>
    <subfield code="9">224159</subfield>
  </datafield>
  <datafield tag="852" ind1=" " ind2=" ">
    <subfield code="a">ES-MaACL</subfield>
    <subfield code="9">184166</subfield>
    <subfield code="b">R.145733</subfield>
    <subfield code="j">A-11040</subfield>
    <subfield code="d">Olim: N-4045</subfield>
    <subfield code="c">DEPO1</subfield>
  </datafield>
  <datafield tag="942" ind1=" " ind2=" ">
    <subfield code="2">udc</subfield>
    <subfield code="c">MONOGRAFIA</subfield>
  </datafield>
  <datafield tag="999" ind1=" " ind2=" ">
    <subfield code="c">177348</subfield>
    <subfield code="d">177348</subfield>
  </datafield>
  <datafield tag="952" ind1=" " ind2=" ">
    <subfield code="0">0</subfield>
    <subfield code="1">0</subfield>
    <subfield code="2">udc</subfield>
    <subfield code="4">0</subfield>
    <subfield code="7">0</subfield>
    <subfield code="a">ATENEOM</subfield>
    <subfield code="b">ATENEOM</subfield>
    <subfield code="c">DEPO1</subfield>
    <subfield code="d">2011-03-16</subfield>
    <subfield code="e">COMPRA</subfield>
    <subfield code="l">0</subfield>
    <subfield code="o">A-11040</subfield>
    <subfield code="p">1186269</subfield>
    <subfield code="r">2023-02-23 00:00:00</subfield>
    <subfield code="w">2023-02-23</subfield>
    <subfield code="y">MONOGRAFIA</subfield>
  </datafield>
</record>
